000 01721nam0a2200313 4500
001 RU\NLR\bibl\1322004
005 20260407191043.0
010 _a978-5-87555-431-3
_9100
021 _aRU
_b2008-96616
_95664
035 _a(NLR Aleph) 001307343
090 _a657433
_c657433
100 _a20090130d2008 |||y0rusy50 ca
101 0 _arus
102 _aRU
105 _ay |||||||||
200 1 _aОбществознание: содержание и преподавание
_eматериалы конференции "Чтения Ушинского"
_f[под ред. д.ист.н., проф. М.В. Новикова]
210 _aЯрославль
_cРедакционно-издательский отдел Ярославского государственного педагогического университета
_d2008
215 _a119 с.
_d20
300 _aВ надзаг.: М-во образования и науки Рос. Федерации, Федер. агентство по образованию, ГОСУ ВПО "Ярослав. гос. пед. ун-т им. К.Д. Ушинского"
320 _aБиблиогр. в конце ст.
606 1 _aОбщественные науки
_jСъезды, совещания и т.п.
_91112139
_3RU\NLR\auth\66119728
686 _aС.я431
702 1 _4340
_7ca
_8rus
_aНовиков
_bМ. В.
_cд-р ист. наук
_f1950-
_gМихаил Васильевич
_914452
_3RU\NLR\auth\7731442
711 1 2 _a"Чтения Ушинского", конференция
_eЯрославль
_f2008
_9745689
_3RU\NLR\AUTH\8810124024
801 0 _aRU
_bNLR
_c20090130
_gRCR
801 1 _aRU
_bNLR
_c20090130
942 _cBOOK
980 _aNB